000
00232nam a2200097Ia 4500
008
180205s9999 xx 000 0 und d
100
_a
Frampton, Peter
245
_a
Peter Frampton anthology /
260
_c
1974
300
_a
144 pages
999
_c
354731
_d
354731